000 00801cam a2200265 i 4500
001 1765237
003 OSt
005 20220414142035.0
008 760506s1974 enka 001 0 eng
010 _a 76351049
015 _aGB***
020 _a0720706378
040 _aDLC
_cHU
_dDLC
050 0 0 _aTT201
_b.S74 1974
082 0 0 _a684/.083
100 1 _aStokes, Gordon.
_935890
245 1 0 _aBeginner's guide to woodturning /
_cGordon Stokes.
260 _aLondon :
_bPelham Books,
_cc1974.
300 _a126 p. :
_bill. ;
_c23 cm.
500 _aLabel on t.p.: Transatlantic Arts, Inc., Levittown, N.Y., sole distributor for the U.S.A.
500 _aIncludes index.
650 0 _aTurning (Lathe work)
_935891
906 _a7
_bcbc
_corignew
_d4
_encip
_f19
_gy-gencatlg
942 _2ddc
_cBOOKS
_n0
999 _c34772
_d34772